| 000 | 005660000a22001810004500 | ||
|---|---|---|---|
| 003 | MACL | ||
| 005 | 20160528132508.0 | ||
| 008 | 160528b xxu||||| |||| 00| 0 eng d | ||
| 040 |
_aMACL _cMACL |
||
| 041 | _aHindi | ||
| 082 | _a891.433 MAD | ||
| 100 |
_aमाधव, नीरजा _960536 |
||
| 245 |
_aयामदीप _cनीरजा माधव |
||
| 260 |
_aनई दिल्ली _bसुनील साहित्य सदन _c2009 |
||
| 350 | _a300 | ||
| 650 |
_aउपन्यास _960537 |
||
| 942 |
_cHIN _k891.433/MAD/N _2ddc |
||
| 999 |
_c46733 _d46733 |
||